India's China Challenge: A journey thirough china's rise amd what it means for india (Record no. 3823)

MARC details
000 -LEADER
fixed length control field 00485nam a22001817a 4500
003 - CONTROL NUMBER IDENTIFIER
control field OSt
005 - DATE AND TIME OF LATEST TRANSACTION
control field 20250629134125.0
008 - FIXED-LENGTH DATA ELEMENTS--GENERAL INFORMATION
fixed length control field 250629b |||||||| |||| 00| 0 eng d
020 ## - INTERNATIONAL STANDARD BOOK NUMBER
International Standard Book Number 9789356292925
082 ## - DEWEY DECIMAL CLASSIFICATION NUMBER
Classification number 327.954
Item number KRII
100 ## - MAIN ENTRY--PERSONAL NAME
Personal name Krishnan, Ananth
245 ## - TITLE STATEMENT
Title India's China Challenge: A journey thirough china's rise amd what it means for india
260 ## - PUBLICATION, DISTRIBUTION, ETC.
Place of publication, distribution, etc. Gurugram
Name of publisher, distributor, etc. Harper Collins
300 ## - PHYSICAL DESCRIPTION
Extent 429
546 ## - LANGUAGE NOTE
Language note English
651 ## - SUBJECT ADDED ENTRY--GEOGRAPHIC NAME
Geographic name Geopolitics
942 ## - ADDED ENTRY ELEMENTS (KOHA)
Source of classification or shelving scheme Dewey Decimal Classification
Koha item type Book
Holdings
Withdrawn status Lost status Source of classification or shelving scheme Damaged status Not for loan Collection code Home library Current library Shelving location Date acquired Source of acquisition Cost, normal purchase price Inventory number Total Checkouts Full call number Barcode Date last seen Price effective from Koha item type
    Dewey Decimal Classification     Non-fiction RIC Library RIC Library General Stacks 06/29/2025 Allied publication 499.00 13347/25.06.25   327.954 KRII 003104 06/29/2025 06/29/2025 Book

Venue

Rajasthan International Centre
Sansthan Path,JLN Marg, Jaipur- 302017
Phone: +91-7230904025